000 00305nam a2200133Ia 4500
008 260604s9999 xx 000 0 und d
020 _a9781648337239
082 _a650.1 HIL
100 _aPage Publications
_935373
245 0 _aThink and Grow Rich
260 _bSHREE
500 _aBusiness
942 _cBK
999 _c8168
_d8168